| 000 | 00644nam a2200229 a 4500 | ||
|---|---|---|---|
| 001 | 573 | ||
| 003 | CDMR | ||
| 005 | 20131217170724.0 | ||
| 008 | 130130s1981||||||||||||||||||||||||||||d | ||
| 020 | _a8430612106 | ||
| 024 |
_2DL _aM16793 |
||
| 040 |
_aCDMR _bcat _cCDMR |
||
| 100 | 1 |
_aKraus, Karl _9424 |
|
| 245 | 1 | 0 |
_aContra los periodistas y otros contras _cKarl Kraus ; prólogo y versión castellana de Jesús Aguirre |
| 246 | _aPro domo et mundo | ||
| 260 |
_aMadrid _ccop. 1981 _bTaurus |
||
| 300 | _a152 p. | ||
| 490 | 0 |
_aEnsayistas _v210 |
|
| 600 |
_9424 _aKraus, Karl |
||
| 650 |
_93430 _aPeriodistes _vRecull d'escrits |
||
| 942 |
_cMON _2udc |
||
| 999 |
_c573 _d573 |
||